Settecento riformatore / (Record no. 145612)

MARC details
000 -LEADER
campo de control de longitud fija 01081nam a2200265 i 4500
001 - NÚMERO DE CONTROL
campo de control 145612
003 - IDENTIFICADOR DE NÚMERO DE CONTROL
campo de control ES-MaACL
005 - FECHA Y HORA DE LA ÚLTIMA TRANSACCIÓN
campo de control 20230906201252.0
007 - CAMPO FIJO DE DESCRIPCIÓN FÍSICA--INFORMACIÓN GENERAL
campo de control de longitud fija t|
008 - DATOS DE LONGITUD FIJA--INFORMACIÓN GENERAL
campo de control de longitud fija 071015m19691984sp ||||1| spa d
020 ## - NÚMERO INTERNACIONAL ESTÁNDAR DEL LIBRO
Número Internacional Estándar del Libro 88-06-56952-X
080 ## - NÚMERO DE LA CLASIFICACIÓN DECIMAL UNIVERSAL
Número de la Clasificación Decimal Universal 008(4)"17"
080 ## - NÚMERO DE LA CLASIFICACIÓN DECIMAL UNIVERSAL
Número de la Clasificación Decimal Universal 308(4)"17"
100 1# - ENTRADA PRINCIPAL--NOMBRE DE PERSONA
Nombre de persona Venturi, Franco.
9 (RLIN) 113926
245 10 - MENCIÓN DEL TÍTULO
Título Settecento riformatore /
Mención de responsabilidad, etc. Franco Venturi.
260 ## - PUBLICACIÓN, DISTRIBUCIÓN, ETC.
Lugar de publicación, distribución, etc. Torino :
Nombre del editor, distribuidor, etc. Giulio Einaudi,
Fecha de publicación, distribución, etc. 1969-1984.
300 ## - DESCRIPCIÓN FÍSICA
Extensión 5 v. :
Otras características físicas il. ;
Dimensiones 22 cm.
490 1# - MENCIÓN DE SERIE
Mención de serie Biblioteca di cultura storica ;
Designación de volumen o secuencia 103
505 8# - NOTA DE CONTENIDO CON FORMATO
Nota de contenido con formato Contiene: I. Da Muratori a Beccaria, 1730-1764 . - II. La chiesa e la repubblica dentro i loro limiti, 1758-1774 . - III. La prima crisi dell'Antico Regime, 1768-1776 . - IV. La caduta dell'Antico Regime, 1776-1789 . - 1. I grandi stati dell'Occidente . - 2. Il patriottismo repubblicano e gli imperi dell'Est
650 04 - PUNTO DE ACCESO ADICIONAL DE MATERIA--TÉRMINO DE MATERIA
Término de materia o nombre geográfico como elemento de entrada Ilustración.
9 (RLIN) 13583
651 #4 - PUNTO DE ACCESO ADICIONAL DE MATERIA--NOMBRE GEOGRÁFICO
Nombre geográfico Italia-
Subdivisión general Historia-
Subdivisión cronológica S.XVIII.
9 (RLIN) 169802
830 0# - PUNTO DE ACCESO ADICIONAL DE SERIE-TÍTULO UNIFORME
Título uniforme Biblioteca di cultura storica ;
Designación de volumen o secuencia 103
9 (RLIN) 220781
852 ## - LOCALIZACIÓN
Ubicación ES-MaACL
Número de control de estantería G-8924-8
Sublocalización o colección R.114523
Holdings
Estatus retirado Estado de pérdida Estado de daño No para préstamo Biblioteca de origen Biblioteca actual Ubicación en estantería Fecha de adquisición Fuente de adquisición Total de préstamos Signatura topográfica completa Código de barras Visto por última vez Precio de reemplazo Tipo de ítem Koha
        Biblioteca del Ateneo de Madrid Biblioteca del Ateneo de Madrid Sala Pecera Planta 3 17/01/2008     G-8924-8 1151999 23/02/2023 23/02/2023 Libro impreso